Commerce services et artisanat

Đã lưu trong:
Sonraí Bibleagrafaíochta
Formáid: Leabhar
Teanga:Undetermined
Foilsithe: Paris La Documentation Francaise 1976
Ábhair:
Clibeanna: Cuir Clib Leis
Gan Chlibeanna, Bí ar an gcéad duine leis an taifead seo a chlibeáil!
Thư viện lưu trữ: Trung tâm Học liệu Trường Đại học Cần Thơ
LEADER 00415nam a2200157Ia 4500
001 CTU_79916
008 210402s9999 xx 000 0 und d
082 |a 380.1 
082 |b C734 
245 0 |a Commerce services et artisanat 
260 |a Paris 
260 |b La Documentation Francaise 
260 |c 1976 
650 |a Commerce 
904 |i Trọng Hải 
980 |a Trung tâm Học liệu Trường Đại học Cần Thơ